|
|
|
|
| LEADER |
01805nam a22004935i 4500 |
| 001 |
978-3-540-69518-9 |
| 003 |
DE-He213 |
| 005 |
20151204190200.0 |
| 007 |
cr nn 008mamaa |
| 008 |
100301s2007 gw | s |||| 0|eng d |
| 020 |
|
|
|a 9783540695189
|9 978-3-540-69518-9
|
| 024 |
7 |
|
|a 10.1007/978-3-540-69518-9
|2 doi
|
| 040 |
|
|
|d GrThAP
|
| 050 |
|
4 |
|a RL1-803
|
| 072 |
|
7 |
|a MJK
|2 bicssc
|
| 072 |
|
7 |
|a MED017000
|2 bisacsh
|
| 082 |
0 |
4 |
|a 616.5
|2 23
|
| 245 |
1 |
0 |
|a Facial Rejuvenation
|h [electronic resource] :
|b A Total Approach /
|c edited by David J. Goldberg.
|
| 264 |
|
1 |
|a Berlin, Heidelberg :
|b Springer Berlin Heidelberg,
|c 2007.
|
| 300 |
|
|
|a XII, 190 p. 215 illus., 198 illus. in color.
|b online resource.
|
| 336 |
|
|
|a text
|b txt
|2 rdacontent
|
| 337 |
|
|
|a computer
|b c
|2 rdamedia
|
| 338 |
|
|
|a online resource
|b cr
|2 rdacarrier
|
| 347 |
|
|
|a text file
|b PDF
|2 rda
|
| 505 |
0 |
|
|a Lasers and Lights -- Photodynamic Photorejuvenation -- LED Low-Level Light Therapy -- Botulinum Toxins -- Dermal Fillers -- Chemical Peeling -- Mesotherapy and Injectable Lipolysis -- Cosmeceuticals.
|
| 650 |
|
0 |
|a Medicine.
|
| 650 |
|
0 |
|a Dermatology.
|
| 650 |
|
0 |
|a General practice (Medicine).
|
| 650 |
|
0 |
|a Ophthalmology.
|
| 650 |
|
0 |
|a Otorhinolaryngology.
|
| 650 |
|
0 |
|a Plastic surgery.
|
| 650 |
1 |
4 |
|a Medicine & Public Health.
|
| 650 |
2 |
4 |
|a Dermatology.
|
| 650 |
2 |
4 |
|a Plastic Surgery.
|
| 650 |
2 |
4 |
|a Otorhinolaryngology.
|
| 650 |
2 |
4 |
|a Ophthalmology.
|
| 650 |
2 |
4 |
|a General Practice / Family Medicine.
|
| 700 |
1 |
|
|a Goldberg, David J.
|e editor.
|
| 710 |
2 |
|
|a SpringerLink (Online service)
|
| 773 |
0 |
|
|t Springer eBooks
|
| 776 |
0 |
8 |
|i Printed edition:
|z 9783540695172
|
| 856 |
4 |
0 |
|u http://dx.doi.org/10.1007/978-3-540-69518-9
|z Full Text via HEAL-Link
|
| 912 |
|
|
|a ZDB-2-SME
|
| 950 |
|
|
|a Medicine (Springer-11650)
|